000
00301nam a2200133Ia 4500
008
240624s9999 xx 000 0 und d
041
_a
eng
082
_a
346.07 TAX
100
_a
#N/A
245
_a
TAXMANNS CORPORATE LAWS
260
_c
2004
_a
New Delhi
_b
Taxmann
300
_a
xli, : 625
365
_c
RS
999
_c
1527
_d
1527